000 00768nam a2200229 a 4500
001 13311
003 BD-JhCC
005 20230827114425.0
008 230827s2017 b a|||| |||| 000 0 be d
020 _a9789849042105
035 _a(BD-JhCC)13311
040 _aBD-JhCC
_dBD-JhCC
041 _aeng
082 _a891.4435
_bISK 2017
245 _aইশকুলের গল্প /
_bজামসেদ ওয়াজেদ সম্পাদিত
260 _aঢাকা :
_bশিলা প্রকাশনী,
_c২০১৭
300 _a১৬০ পৃ. :
_bচিত্রবলী;
_c২৩ সেমি.
650 _aChildren stories
650 _aJuvenile Literature
700 _aওয়াজেদ, জামসেদ
942 _2ddc
_cBK
999 _c13311
_d13311